000 01119nam a2200217Ia 4500
999 _c38880
_d38880
001 5293
003 GE_BSU
005 20190605144827.0
008 181216s1981||||ge |||||||||||||| ||geo||
040 _cGE_BSU
041 _ageo
080 _a69.057 + 624.014(075.8) ჯ-17
100 _aჯავახიშვილი, ვ.
_9594
245 _aშენობებისა და ნაგებობების კონსტრუქციები ნაწ.1 ლითონისა და ხის საინჟინრო კონსტრუქციები :
_bსახელმძღვ. /
_cვ. ჯავახიშვილი ; რედ. დ. მაღულარია.
264 _aთბილისი :
_bგანათლება,
_c1981.
300 _a368 გვ.:
_bილ.;
_c22 სმ.
501 _aბიბლიოგრ. : გვ.364.
653 _aშენობებისა და ნაგებობების კონსტრუქციები
700 _aმაღულარია, დ.
_eრედაქტორი
_9652
942 _cBK
_2udc